000
00258nam a2200085Ia 4500
245
0
_a
A world of recipes : vegetarian foods
100
_a
Townsend, Sue, Oxford, 2009 Rev. and updated, 2nd ed
942
_c
BK
008
210817s9999 xx 000 0 und d
999
_c
260129
_d
260128